Jurisprudencia de arrendamiento. Procedimiento Monitorio de cobro de rentas de arrendamiento.
Saved in:
| Main Author: | |
|---|---|
| Format: | Unknown |
| Language: | Spanish |
| Published: |
Santiago, Chile:
Thomson Reuters,
2025.
|
| Edition: | Tercera edición actualizada. |
| Series: | Colección Jurisprudencia.
|
| Subjects: | |
| Tags: |
Add Tag
No Tags, Be the first to tag this record!
|
MARC
| LEADER | 00000 a2200000 4500 | ||
|---|---|---|---|
| 003 | CL-VaPUC | ||
| 005 | 20250331155332.0 | ||
| 008 | 250325t2025 ||||| |||| 00| 0 spa d | ||
| 999 | |c 447557 |d 447555 | ||
| 020 | |a 978-956-400-598-0 | ||
| 040 | |c Pontificia Universidad Católica de Valparaíso | ||
| 082 | |2 22 |a 346.8304346 VIV 2025 | ||
| 100 | |a Vives G., Tamara |9 889314 |e editora | ||
| 245 | |a Jurisprudencia de arrendamiento. |b Procedimiento Monitorio de cobro de rentas de arrendamiento. | ||
| 250 | |a Tercera edición actualizada. | ||
| 260 | |a Santiago, Chile: |b Thomson Reuters, |c 2025. | ||
| 300 | |a xxiv, 419 páginas. | ||
| 490 | |a Colección Jurisprudencia. | ||
| 500 | |a Contiene selección de fallos de Tribunales Superiores en versión digital. | ||
| 583 | |k Yessy Sthefany Diaz Vidal |c 20250325 | ||
| 650 | 0 | |9 681527 |a Ley de arrendamiento |x Tribunales de Justicia |z Chile | |
| 650 | 0 | |9 374005 |a Contrato de arrendamiento |x Deberes y derechos |z Chile | |
| 942 | |2 ddc |c BK | ||
| 952 | |0 0 |1 0 |2 ddc |4 0 |6 346_830434600000000_VIV_2025 |7 0 |8 A |9 601752 |a BIBDER |b BIBDER |d 2025-03-21 |e 31 |g 0.00 |i 5666636 |o 346.8304346 VIV 2025 |p 5666636 |r 2025-03-21 |t 1 |v 0.00 |w 2025-03-21 |y BK |k DER | ||